000 004690000a22001330004500
090 _aAS
_bSeriadas
245 1 0 _aGeneralidades ecológico-pesqueras de la Cienaga la Caimanera, departamento del Sucre-Colombia
041 0 _aEspañol
700 1 _aRomero Martelo, Nelson José
_9100312
700 1 _aFlórez Amaya, Fabio
_93580
100 1 _aLópez Castro, Mario Orlando
_9100313
942 _cARTICULO
773 1 _tTrianea
_kActa Científica y Tecnológica
_h4
_q341-374
_d1991
999 _c16120
_d16120